[Event "42.OStM"]
[Site "Bergisch Gladbach"]
[Date "2022.09.09"]
[Round "2.13"]
[White "Schiffer, Hans Joachim"]
[Black "Reuter, Carlo"]
[Result "0-1"]
[WhiteElo "1485"]
[BlackElo "1296"]
[PlyCount "98"]
[EventDate "2022.??.??"]
[EventType "swiss"]
[EventRounds "7"]
[SourceVersionDate "2022.09.06"]

1. e4 e5 2. Nf3 Nf6 3. Nxe5 d6 4. Nf3 Nxe4 5. Qe2 Qe7 6. d3 Nf6 7. Bg5 Qxe2+ 8.
Bxe2 Be7 9. Nc3 c6 10. O-O-O O-O 11. h3 Na6 12. g4 h6 13. Bxf6 Bxf6 14. Ne4 Be7
15. Rdg1 Be6 16. a3 Nc7 17. Nc3 Nd5 18. Nxd5 Bxd5 19. c4 Bg5+ 20. Kc2 Rae8 21.
cxd5 Rxe2+ 22. Kd1 Rxf2 23. Nxg5 hxg5 24. dxc6 bxc6 25. Kc1 Rb8 26. b4 c5 27.
bxc5 dxc5 28. Rd1 Rb3 29. Rd2 Rxd2 30. Kxd2 Rxa3 31. Rc1 Ra5 32. Ke3 Kf8 33.
Rc4 Ke7 34. Ke4 Ke6 35. Kf3 Kd5 36. Ke3 Ra2 37. Kf3 Rh2 38. Kg3 Rd2 39. Rc3 a5
40. Kf3 Kd4 41. Rc4+ Kxd3 42. Rxc5 a4 43. Ra5 Ra2 44. Ra7 Ra1 45. Ra5 a3 46.
Rd5+ Kc4 47. Ra5 a2 48. Ke2 Rh1 49. Kf2 a1=Q 0-1

[Event "42.OStM"]
[Site "Bergisch Gladbach"]
[Date "2022.09.09"]
[Round "2.14"]
[White "Steinhausen, Karl-Heinz"]
[Black "Schüers, Christian"]
[Result "0-1"]
[WhiteElo "1000"]
[BlackElo "1480"]
[PlyCount "116"]
[EventDate "2022.??.??"]
[EventType "swiss"]
[EventRounds "7"]
[SourceVersionDate "2022.09.06"]

1. d4 d5 2. c4 Nf6 3. Nc3 e6 4. Nf3 h6 5. e3 Be7 6. Bd3 c6 7. O-O Nbd7 8. h3
dxc4 9. Bxc4 Nb6 10. Bb3 O-O 11. Re1 Re8 12. a3 Bd7 13. e4 Bf8 14. e5 Nfd5 15.
Nxd5 cxd5 16. Bf4 Bb5 17. Rc1 Rc8 18. Qd2 Nc4 19. Bxc4 Rxc4 20. Rxc4 Bxc4 21.
Rb1 b6 22. b3 Ba6 23. b4 Qd7 24. Qd1 Rc8 25. a4 Rc4 26. b5 Bb7 27. Qb3 Qc7 28.
Qa2 Rc2 29. Rb2 Rxb2 30. Qxb2 Qc4 31. Qa1 Bb4 32. Bd2 Bxd2 33. Nxd2 Qc2 34. Nf3
Qc7 35. Qa3 a6 36. Kh2 axb5 37. axb5 Bc8 38. Kg1 Bd7 39. Qd6 Qc1+ 40. Kh2 Bxb5
41. Qd8+ Kh7 42. Qxb6 Qf4+ 43. Kg1 Be2 44. Qb1+ g6 45. Qb3 Bxf3 46. Qxf3 Qxf3
47. gxf3 g5 48. Kg2 Kg6 49. Kg3 Kf5 50. h4 gxh4+ 51. Kxh4 Kf4 52. Kh5 Kxf3 53.
Kxh6 Ke4 54. Kg7 Kxd4 55. f4 Ke4 56. Kxf7 Kf5 57. Ke7 d4 58. Kd6 d3 0-1

[Event "42.OStM"]
[Site "Bergisch Gladbach"]
[Date "2022.09.09"]
[Round "2.16"]
[White "Höffken, Hartmut"]
[Black "Hoferichter, Michael"]
[Result "0-1"]
[WhiteElo "841"]
[BlackElo "1468"]
[PlyCount "106"]
[EventDate "2022.??.??"]
[EventType "swiss"]
[EventRounds "7"]
[SourceVersionDate "2022.09.06"]

1. d4 Nf6 2. c4 e6 3. Nc3 d5 4. Bg5 c6 5. Nf3 Be7 6. e3 Nbd7 7. Rc1 h6 8. Bh4
O-O 9. Bd3 dxc4 10. Bxc4 b5 11. Bd3 a6 12. O-O Bb7 13. Ne4 Nd5 14. Nd6 Qc7 15.
Bxe7 Nxe7 16. Nxb7 Qxb7 17. Qe2 Nd5 18. b3 Rac8 19. Be4 N7f6 20. Bxd5 cxd5 21.
Rxc8 Rxc8 22. Ne5 Rc3 23. Nd3 Nd7 24. Qd2 b4 25. g3 a5 26. Rc1 Qc7 27. Rxc3
bxc3 28. Qc2 e5 29. a3 e4 30. Nf4 Nf6 31. b4 axb4 32. axb4 Qc4 33. Ne2 Qxb4 34.
Qxc3 Qa4 35. Qc8+ Kh7 36. Nf4 Qd1+ 37. Kg2 Qf3+ 38. Kh3 h5 39. Qf5+ Kh6 40. Kh4
Qg4+ 41. Qxg4 hxg4 42. Nh3 gxh3 43. Kxh3 g5 44. g4 Nd7 45. Kg3 Nb6 46. f4 gxf4+
47. Kxf4 Kg6 48. h3 Nc4 49. h4 f6 50. h5+ Kh6 51. Kf5 Nxe3+ 52. Kxf6 Nxg4+ 53.
Ke6 e3 0-1

[Event "42.OStM"]
[Site "Bergisch Gladbach"]
[Date "2022.09.16"]
[Round "3.1"]
[White "Müller, Rene"]
[Black "Belyaev, Ilja"]
[Result "0-1"]
[WhiteElo "1919"]
[BlackElo "2091"]
[PlyCount "88"]
[EventDate "2022.??.??"]
[EventType "swiss"]
[EventRounds "7"]
[SourceVersionDate "2022.09.06"]

1. e4 c5 2. Nf3 d6 3. Bb5+ Nd7 4. O-O Ngf6 5. Re1 a6 6. Bf1 e6 7. d4 cxd4 8.
Qxd4 Be7 9. a4 b6 10. Bg5 O-O 11. h3 Qc7 12. c4 Nc5 13. Nbd2 Bb7 14. b4 e5 15.
Qe3 Ncxe4 16. Nxe4 Nxe4 17. Bxe7 Qxe7 18. Qxb6 Rab8 19. Qe3 f5 20. Nd2 f4 21.
Qd3 Ng5 22. f3 Rf6 23. a5 Rg6 24. Kh1 Nxh3 25. gxh3 Qg5 26. Qxg6 Qxg6 27. b5
Qc2 28. Ne4 Bxe4 29. Rxe4 Qc3 30. Ree1 Qxf3+ 31. Bg2 Qf2 32. Bd5+ Kf8 33. Rf1
Qa7 34. b6 Qd7 35. Rf3 g5 36. Rb3 Qf5 37. b7 e4 38. Rb6 Qxh3+ 39. Kg1 f3 40.
Ra2 e3 41. Rxa6 e2 42. Kf2 Qf1+ 43. Kg3 e1=Q+ 44. Kg4 Qh4+ 0-1

[Event "42.OStM"]
[Site "Bergisch Gladbach"]
[Date "2022.09.16"]
[Round "3.2"]
[White "Themm, Rainer"]
[Black "Gelsok, Philipp"]
[Result "1/2-1/2"]
[WhiteElo "1843"]
[BlackElo "1988"]
[PlyCount "86"]
[EventDate "2022.??.??"]
[EventType "swiss"]
[EventRounds "7"]
[SourceVersionDate "2022.09.06"]

1. e4 e5 2. Nf3 Nc6 3. Bc4 Nf6 4. d3 Bc5 5. O-O d6 6. a3 Bg4 7. c3 Qd7 8. Be3
Bxe3 9. fxe3 O-O-O 10. Qa4 Kb8 11. Bb5 a6 12. Bxc6 Qxc6 13. Qxc6 bxc6 14. Nbd2
Rhe8 15. Rae1 c5 16. Nc4 Kb7 17. Nfd2 c6 18. b4 cxb4 19. Rb1 Kc7 20. Rxb4 Rb8
21. Rfb1 Rxb4 22. Rxb4 d5 23. Na5 Bc8 24. h3 Rd8 25. d4 Nxe4 26. Nxe4 dxe4 27.
Nb3 exd4 28. cxd4 f5 29. Nc5 a5 30. Rb2 g5 31. g3 f4 32. gxf4 gxf4 33. Kf2 Rf8
34. Rb7+ Bxb7 35. Ne6+ Kd6 36. Nxf8 Bc8 37. Nxh7 fxe3+ 38. Kxe3 Bxh3 39. Kxe4
Bf5+ 40. Kxf5 Kd5 41. Nf6+ Kxd4 42. Nd7 c5 43. Nxc5 Kxc5 1/2-1/2

[Event "42.OStM"]
[Site "Bergisch Gladbach"]
[Date "2022.09.16"]
[Round "3.3"]
[White "Harringer, Manfred"]
[Black "Nichte, Philipp"]
[Result "1-0"]
[WhiteElo "2021"]
[BlackElo "1744"]
[PlyCount "89"]
[EventDate "2022.??.??"]
[EventType "swiss"]
[EventRounds "7"]
[SourceVersionDate "2022.09.06"]

1. e4 c5 2. Nf3 Nc6 3. Bb5 g6 4. O-O Bg7 5. Re1 e5 6. c3 Nge7 7. Na3 O-O 8. h3
a6 9. Bf1 d5 10. d3 d4 11. Bg5 Be6 12. c4 f6 13. Bd2 Qd7 14. Nc2 h6 15. b4 b6
16. a4 a5 17. bxc5 bxc5 18. Na3 Nc8 19. Nh2 Kh7 20. Be2 Nb4 21. Bc1 Nd6 22. Nb5
Rae8 23. Bf3 f5 24. Ba3 Nb7 25. Bxb4 cxb4 26. exf5 gxf5 27. Bxb7 Qxb7 28. Nd6
Qc6 29. Nxe8 Rxe8 30. f3 Bc8 31. Nf1 Bb7 32. Nd2 Qg6 33. Rc1 Bf6 34. c5 Rg8 35.
Qe2 Bc6 36. Nc4 Qg3 37. Rf1 e4 38. fxe4 Bg5 39. Rf3 Qh4 40. Rcf1 fxe4 41. Rf7+
Kh8 42. Rf8 Rxf8 43. Rxf8+ Kg7 44. Rf1 e3 45. Nd6 1-0

[Event "42.OStM"]
[Site "Bergisch Gladbach"]
[Date "2022.09.16"]
[Round "3.4"]
[White "Kuhn, Andreas"]
[Black "Witte, Volker"]
[Result "1-0"]
[WhiteElo "1919"]
[BlackElo "1650"]
[PlyCount "111"]
[EventDate "2022.??.??"]
[EventType "swiss"]
[EventRounds "7"]
[SourceVersionDate "2022.09.06"]

1. d4 Nf6 2. c4 g6 3. g3 Bg7 4. Bg2 O-O 5. Nc3 d6 6. Nf3 Nbd7 7. O-O e5 8. e4
exd4 9. Nxd4 Re8 10. h3 h6 11. Be3 Nc5 12. Qc2 a6 13. Rad1 Rb8 14. e5 Rxe5 15.
Nf3 Re8 16. Bxc5 Bd7 17. Be3 Qc8 18. Kh2 g5 19. Nd5 Bf5 20. Nxf6+ Bxf6 21. Qd2
Bg6 22. Ba7 Ra8 23. Bd4 Bg7 24. Qc3 Bxd4 25. Nxd4 Rb8 26. Rfe1 Qd7 27. Rxe8+
Qxe8 28. Re1 Qd7 29. b3 Kh7 30. Qf3 c6 31. Qe3 Rd8 32. f4 c5 33. Nf3 gxf4 34.
Qxf4 Qf5 35. Qd2 Qc2 36. Re7 Qxd2 37. Nxd2 b5 38. Bd5 Kg7 39. Kg2 Kf8 40. Ra7
Re8 41. Kf3 b4 42. Ne4 Rd8 43. Rxa6 Bxe4+ 44. Bxe4 Ke7 45. Ra7+ Rd7 46. Ra8 Kf6
47. Kf4 Kg7 48. Kf5 Re7 49. Rd8 Re5+ 50. Kf4 Re6 51. Bf5 Re2 52. Rxd6 Rxa2 53.
Bd7 Ra5 54. Rd5 Kf6 55. Bb5 Ra3 56. Ba4 1-0

[Event "42.OStM"]
[Site "Bergisch Gladbach"]
[Date "2022.09.16"]
[Round "3.5"]
[White "Ehmann, Florian"]
[Black "Weclawski, Roman"]
[Result "1-0"]
[WhiteElo "1906"]
[BlackElo "1190"]
[PlyCount "40"]
[EventDate "2022.??.??"]
[EventType "swiss"]
[EventRounds "7"]
[SourceVersionDate "2022.09.06"]

1. e4 Nf6 2. Nc3 d5 3. e5 Nfd7 4. Nf3 e6 5. d4 c5 6. Be3 Nc6 7. Bd3 cxd4 8.
Nxd4 Ndxe5 9. Nxc6 Nxc6 10. Bb5 Bd7 11. Bxc6 Bxc6 12. O-O Be7 13. Qg4 Bf6 14.
Rad1 O-O 15. Rd3 Qe7 16. g3 Rfd8 17. Bc1 Rac8 18. Ne2 Bd7 19. c3 g6 20. h4 e5
1-0

[Event "42.OStM"]
[Site "Bergisch Gladbach"]
[Date "2022.09.16"]
[Round "3.6"]
[White "Gutt, Oswald"]
[Black "Hertling, Jürgen"]
[Result "1-0"]
[WhiteElo "1845"]
[BlackElo "1680"]
[PlyCount "67"]
[EventDate "2022.??.??"]
[EventType "swiss"]
[EventRounds "7"]
[SourceVersionDate "2022.09.06"]

1. d4 Nf6 2. c4 g6 3. Nc3 d5 4. Nf3 Bg7 5. e3 O-O 6. cxd5 Nxd5 7. Bc4 Nxc3 8.
bxc3 c5 9. O-O Nc6 10. h3 Na5 11. Be2 c4 12. Rb1 Bf5 13. Rb4 Qc7 14. Ba3 Rfd8
15. Nd2 Be6 16. e4 a6 17. Rb1 b5 18. Nf3 Bc8 19. Qd2 Nc6 20. Qe3 e6 21. Rfd1
Ne7 22. Bc5 Rb8 23. Bxc4 bxc4 24. Rxb8 Qxb8 25. Bxe7 Re8 26. Bc5 Bb7 27. Nd2 f5
28. Nxc4 fxe4 29. Rb1 Bf8 30. Bxf8 Rxf8 31. Na5 Rf7 32. Qxe4 Bxe4 33. Rxb8+ Kg7
34. Rb6 1-0

[Event "42.OStM"]
[Site "Bergisch Gladbach"]
[Date "2022.09.16"]
[Round "3.8"]
[White "Roder, Stephan"]
[Black "Mohaupt, Sascha"]
[Result "0-1"]
[WhiteElo "1495"]
[BlackElo "2209"]
[PlyCount "46"]
[EventDate "2022.??.??"]
[EventType "swiss"]
[EventRounds "7"]
[SourceVersionDate "2022.09.06"]

1. d4 Nf6 2. Bf4 d5 3. Nd2 e6 4. e3 c5 5. c3 Bd6 6. Bg5 Nbd7 7. e4 cxd4 8. cxd4
dxe4 9. a3 Be7 10. Qc1 O-O 11. Bc4 h6 12. Bh4 b6 13. Ne2 Bb7 14. Qd1 e3 15.
fxe3 Ng4 16. Bxe7 Qxe7 17. Qb3 Bxg2 18. O-O-O Bxh1 19. Rxh1 b5 20. Bxb5 Rab8
21. Qa4 Nb6 22. Qa5 Nxe3 23. Rg1 Nbd5 0-1

[Event "42.OStM"]
[Site "Bergisch Gladbach"]
[Date "2022.09.16"]
[Round "3.9"]
[White "Schüers, Christian"]
[Black "Eilers, Jochen"]
[Result "0-1"]
[WhiteElo "1480"]
[BlackElo "1939"]
[PlyCount "60"]
[EventDate "2022.??.??"]
[EventType "swiss"]
[EventRounds "7"]
[SourceVersionDate "2022.09.06"]

1. d4 Nf6 2. Nf3 g6 3. h3 Bg7 4. Bf4 c5 5. c3 O-O 6. e3 cxd4 7. exd4 d6 8. Bc4
Qc7 9. Nbd2 a6 10. a4 Nc6 11. O-O Bf5 12. Re1 h6 13. Bb3 Rad8 14. Bc2 Bxc2 15.
Qxc2 Nh5 16. Bh2 Nxd4 17. Qd3 Ne6 18. Rxe6 fxe6 19. Qxg6 Nf4 20. Bxf4 Rxf4 21.
Qxe6+ Rf7 22. Rd1 Qd7 23. Qb3 b5 24. axb5 Qxb5 25. Qxb5 axb5 26. Rb1 Rf4 27.
Nf1 b4 28. cxb4 Rxb4 29. b3 Rc8 30. N1d2 e5 0-1

[Event "42.OStM"]
[Site "Bergisch Gladbach"]
[Date "2022.09.16"]
[Round "3.10"]
[White "Türkkan, Nuh"]
[Black "Hoferichter, Michael"]
[Result "1-0"]
[WhiteElo "1842"]
[BlackElo "1468"]
[PlyCount "93"]
[EventDate "2022.??.??"]
[EventType "swiss"]
[EventRounds "7"]
[SourceVersionDate "2022.09.06"]

1. c4 g6 2. d4 c5 3. Nf3 Bg7 4. e4 cxd4 5. Nxd4 Nc6 6. Be3 Nf6 7. Nc3 a6 8. Be2
O-O 9. O-O d6 10. Rb1 Bd7 11. f3 Rc8 12. b3 Qb6 13. Nc2 Qc7 14. Na4 Rce8 15.
Bb6 Qb8 16. Ne3 Nd8 17. Nc3 e6 18. Qd2 Re7 19. Rfd1 Ne8 20. c5 Bxc3 21. Qxc3 e5
22. cxd6 Re6 23. Bc7 Qc8 24. Bc4 Nxc7 25. dxc7 Qxc7 26. Qd2 Bc8 27. Bxe6 Bxe6
28. Rbc1 Qb8 29. Nd5 Nc6 30. Qh6 Bxd5 31. Rxd5 Qa7+ 32. Kh1 Qf2 33. Rd2 Qb6 34.
h4 Rd8 35. Rd5 Qc7 36. Qg5 Re8 37. h5 Re6 38. Rxc6 Qxc6 39. h6 f6 40. Qd2 Kf7
41. Rd8 Ke7 42. Rh8 Rd6 43. Rxh7+ Ke6 44. Qb4 Qc1+ 45. Kh2 Qf4+ 46. Kh3 g5 47.
Qc4+ 1-0

[Event "42.OStM"]
[Site "Bergisch Gladbach"]
[Date "2022.09.16"]
[Round "3.12"]
[White "Reuter, Carlo"]
[Black "Winckler, Andreas"]
[Result "1/2-1/2"]
[WhiteElo "1296"]
[BlackElo "1728"]
[PlyCount "48"]
[EventDate "2022.??.??"]
[EventType "swiss"]
[EventRounds "7"]
[SourceVersionDate "2022.09.06"]

1. d4 Nf6 2. c4 g6 3. Nc3 d6 4. e4 Bg7 5. Nf3 O-O 6. Be2 c6 7. O-O Nbd7 8. b3
e5 9. dxe5 Nxe5 10. Nxe5 dxe5 11. Bb2 Be6 12. Qxd8 Raxd8 13. Rad1 Rd4 14. Bf3
Rfd8 15. Rfe1 h5 16. h3 Nh7 17. h4 Nf8 18. Na4 Rxd1 19. Rxd1 Rxd1+ 20. Bxd1 b6
21. c5 b5 22. Nc3 a6 23. a4 Bd7 24. axb5 axb5 1/2-1/2

[Event "42.OStM"]
[Site "Bergisch Gladbach"]
[Date "2022.09.16"]
[Round "3.15"]
[White "Klein, Dieter"]
[Black "Zimmermann, Wolfgang"]
[Result "1-0"]
[WhiteElo "1587"]
[BlackElo "1303"]
[PlyCount "88"]
[EventDate "2022.??.??"]
[EventType "swiss"]
[EventRounds "7"]
[SourceVersionDate "2022.09.06"]

1. e4 c5 2. Nf3 Nc6 3. c3 e5 4. Bb5 Qc7 5. O-O Nge7 6. d4 a6 7. Bxc6 bxc6 8.
Nxe5 d6 9. Nf3 Ng6 10. dxc5 dxc5 11. e5 Be6 12. Re1 Be7 13. Bg5 O-O 14. Bxe7
Qxe7 15. Qe2 Rfd8 16. Nbd2 Nf4 17. Qe3 Nd5 18. Qe4 Rac8 19. c4 Nb6 20. b3 h6
21. Rad1 a5 22. Qe3 Nd7 23. Ne4 Rb8 24. Nd6 Bg4 25. Nxf7 Rf8 26. e6 Nf6 27. h3
Qxe6 28. Qxe6 Bxe6 29. Nxh6+ gxh6 30. Rxe6 a4 31. bxa4 Rb4 32. Rxc6 Rxc4 33. a5
Ra4 34. Rxc5 Rxa2 35. Re1 Ra8 36. Re6 Nh7 37. Rxh6 Ra1+ 38. Kh2 R1xa5 39. Rxa5
Rxa5 40. g4 Kg7 41. Rc6 Ra3 42. Kg2 Ra5 43. Nd4 Ra3 44. f4 Re3 1-0

[Event "42.OStM"]
[Site "Bergisch Gladbach"]
[Date "2022.09.16"]
[Round "3.16"]
[White "Schneider, Erich"]
[Black "Stetten, Joachim"]
[Result "0-1"]
[WhiteElo "1195"]
[BlackElo "1515"]
[PlyCount "40"]
[EventDate "2022.??.??"]
[EventType "swiss"]
[EventRounds "7"]
[SourceVersionDate "2022.09.06"]

1. d4 d5 2. c4 Nf6 3. cxd5 Qxd5 4. Nf3 Bg4 5. Nc3 Qd8 6. e4 e6 7. Be3 Bb4 8.
Qa4+ Nc6 9. Bd3 Bxc3+ 10. bxc3 O-O 11. Nd2 a6 12. O-O Bh5 13. h3 h6 14. Qc2 Bg6
15. Nb3 b6 16. c4 Nb4 17. Qb1 Nxd3 18. Qxd3 Nxe4 19. Qe2 Qe7 20. f3 Ng3 0-1

[Event "42.OStM"]
[Site "Bergisch Gladbach"]
[Date "2022.09.16"]
[Round "3.17"]
[White "Steinhausen, Karl-Heinz"]
[Black "Schiffer, Hans Joachim"]
[Result "0-1"]
[WhiteElo "1000"]
[BlackElo "1485"]
[PlyCount "48"]
[EventDate "2022.??.??"]
[EventType "swiss"]
[EventRounds "7"]
[SourceVersionDate "2022.09.06"]

1. d4 d5 2. c4 e5 3. dxe5 d4 4. Nf3 Nc6 5. h3 Nge7 6. e3 Nf5 7. exd4 Nfxd4 8.
Nxd4 Nxd4 9. Be3 Bb4+ 10. Nc3 Nc6 11. Bd2 Nxe5 12. Qa4+ Nc6 13. Qc2 O-O 14. Be2
Nd4 15. Qd1 Re8 16. O-O Bxc3 17. Bxc3 Nxe2+ 18. Kh1 Nxc3 19. Qxd8 Rxd8 20. bxc3
Be6 21. Rfe1 Bxc4 22. a3 g6 23. Rab1 b6 24. a4 Rd3 0-1

[Event "42.OStM"]
[Site "Bergisch Gladbach"]
[Date "2022.09.16"]
[Round "3.18"]
[White "Ramien, Eva"]
[Black "Bernecker, Jan Magnus"]
[Result "0-1"]
[WhiteElo "994"]
[BlackElo "1462"]
[PlyCount "86"]
[EventDate "2022.??.??"]
[EventType "swiss"]
[EventRounds "7"]
[SourceVersionDate "2022.09.06"]

1. e4 e6 2. d4 d5 3. exd5 exd5 4. Nf3 Bf5 5. Nc3 Nf6 6. Bf4 Bb4 7. Qe2+ Qe7 8.
Qxe7+ Kxe7 9. Bd3 Ne4 10. Bxe4 Bxe4 11. Bxc7 Rc8 12. Bxb8 Raxb8 13. Kd2 Rc6 14.
a3 Bxc3+ 15. bxc3 Rbc8 16. Rab1 Rxc3 17. Rxb7+ Kf6 18. Rb2 Rxc2+ 19. Rxc2 Rxc2+
20. Kd1 Rxf2 21. Rg1 Bxf3+ 22. gxf3 Rxf3 23. Ke2 Rxa3 24. Rf1+ Ke6 25. Rg1 g6
26. Re1 f6 27. Kf2+ Kf7 28. Rc1 Ke6 29. Rc6+ Kf5 30. Rc2 Rh3 31. Kg2 Rd3 32.
Rf2+ Ke6 33. Re2+ Kf7 34. Ra2 g5 35. Rxa7+ Kg6 36. Ra4 Kf5 37. Kf2 Rd2+ 38. Ke3
Rxh2 39. Ra5 Rh3+ 40. Ke2 Ke4 41. Ra4 Rh2+ 42. Kd1 Kd3 43. Ra3+ Kxd4 0-1

[Event "42.OStM"]
[Site "Bergisch Gladbach"]
[Date "2022.09.16"]
[Round "3.19"]
[White "Birk, Wilfried"]
[Black "Höffken, Hartmut"]
[Result "1-0"]
[WhiteElo "1409"]
[BlackElo "841"]
[PlyCount "37"]
[EventDate "2022.??.??"]
[EventType "swiss"]
[EventRounds "7"]
[SourceVersionDate "2022.09.06"]

1. d4 d5 2. Nf3 Nf6 3. e3 e6 4. Bd3 c5 5. c3 Be7 6. Nbd2 Nbd7 7. O-O O-O 8. Qe2
b6 9. e4 dxe4 10. Nxe4 Nxe4 11. Qxe4 Nf6 12. Qxa8 Qc7 13. Ne5 Qb7 14. Qxb7 Bxb7
15. Bg5 Rd8 16. dxc5 bxc5 17. Rad1 Nd5 18. Bxe7 Nxe7 19. Bxh7+ 1-0

[Event "42.OStM"]
[Site "Bergisch Gladbach"]
[Date "2022.09.22"]
[Round "4.1"]
[White "Belyaev, Ilja"]
[Black "Harringer, Manfred"]
[Result "1-0"]
[WhiteElo "2091"]
[BlackElo "2021"]
[PlyCount "95"]
[EventDate "2022.??.??"]
[EventType "swiss"]
[EventRounds "7"]
[SourceVersionDate "2022.09.06"]

1. e4 e5 2. Nf3 Nc6 3. Bb5 a6 4. Ba4 Nf6 5. O-O Be7 6. Re1 b5 7. Bb3 O-O 8. c3
d6 9. h3 Nb8 10. d4 Nbd7 11. Nbd2 c5 12. Nf1 Re8 13. Ng3 g6 14. Ng5 c4 15. Bc2
Bf8 16. f4 Bg7 17. Kh1 Bb7 18. Be3 Nf8 19. fxe5 dxe5 20. d5 Re7 21. Qd2 Ne8 22.
Rf1 Nd6 23. Rf2 Qc7 24. Raf1 Rd8 25. Nf3 Bc8 26. Nh2 f6 27. Qe2 Rf7 28. Ng4
Bxg4 29. Qxg4 Qc8 30. Qh4 g5 31. Qh5 Ng6 32. Bd1 Nf4 33. Bxf4 gxf4 34. Bg4 Qc7
35. Nf5 Nxe4 36. Re2 Nc5 37. d6 Rxd6 38. Nxd6 Qxd6 39. Bf5 Bf8 40. Ref2 Rg7 41.
Rd1 Qc7 42. Qe8 Qe7 43. Qc8 e4 44. Re2 e3 45. Rd8 Rf7 46. Kg1 Qb7 47. Qxc5 f3
48. Rxe3 1-0

[Event "42.OStM"]
[Site "Bergisch Gladbach"]
[Date "2022.09.22"]
[Round "4.2"]
[White "Gelsok, Philipp"]
[Black "Bigott, Martin"]
[Result "1-0"]
[WhiteElo "1988"]
[BlackElo "1790"]
[PlyCount "21"]
[EventDate "2022.??.??"]
[EventType "swiss"]
[EventRounds "7"]
[SourceVersionDate "2022.09.06"]

1. e4 e5 2. Nf3 Nc6 3. Bb5 a6 4. Ba4 Nf6 5. O-O b5 6. Bb3 Bc5 7. c3 d6 8. d4
Bb6 9. h3 h6 10. dxe5 Nxe4 11. Bd5 1-0

[Event "42.OStM"]
[Site "Bergisch Gladbach"]
[Date "2022.09.22"]
[Round "4.3"]
[White "Themm, Rainer"]
[Black "Kuhn, Andreas"]
[Result "1-0"]
[WhiteElo "1843"]
[BlackElo "1919"]
[PlyCount "81"]
[EventDate "2022.??.??"]
[EventType "swiss"]
[EventRounds "7"]
[SourceVersionDate "2022.09.06"]

1. e4 e5 2. Nf3 d6 3. Bc4 Nf6 4. d3 Be7 5. O-O O-O 6. Re1 Nbd7 7. c3 c6 8. Bb3
Qc7 9. d4 h6 10. Qc2 Re8 11. Be3 Nf8 12. Nbd2 Ng6 13. Nf1 Bf8 14. Ng3 Bg4 15.
Nd2 Bd7 16. Rf1 Ng4 17. Rae1 Nxe3 18. fxe3 Be6 19. Re2 f6 20. Ref2 c5 21. d5
Bd7 22. Qd1 Kh7 23. c4 b5 24. Nf5 Ne7 25. Ng3 a5 26. Bc2 Nc8 27. Bd3 bxc4 28.
Nxc4 Nb6 29. b3 a4 30. Nf5 axb3 31. axb3 Nxc4 32. Bxc4 Reb8 33. Rf3 Bb5 34. Rg3
Bxc4 35. bxc4 Qf7 36. h3 Rb4 37. Qg4 Rxc4 38. Nxh6 Qe8 39. Nf5 g5 40. Nxd6 Bxd6
41. Rxf6 1-0

[Event "42.OStM"]
[Site "Bergisch Gladbach"]
[Date "2022.09.22"]
[Round "4.5"]
[White "Mohaupt, Sascha"]
[Black "Gutt, Oswald"]
[Result "1-0"]
[WhiteElo "2209"]
[BlackElo "1845"]
[PlyCount "113"]
[EventDate "2022.??.??"]
[EventType "swiss"]
[EventRounds "7"]
[SourceVersionDate "2022.09.06"]

1. e4 c5 2. d4 cxd4 3. c3 dxc3 4. Nxc3 Nc6 5. Nf3 d6 6. Bc4 a6 7. O-O Nf6 8.
Bf4 g6 9. Qb3 e6 10. Be2 Be7 11. Rfd1 O-O 12. e5 Nh5 13. Bh6 d5 14. Bxf8 Bxf8
15. Bf1 Na5 16. Qc2 Bd7 17. Qd2 b5 18. g4 Ng7 19. Qf4 Be7 20. Ne2 Rc8 21. Ned4
Nc6 22. Nxc6 Rxc6 23. Rac1 Rb6 24. Rc2 b4 25. Rdc1 b3 26. axb3 Rxb3 27. Bxa6
Rb4 28. Qg3 Qb6 29. Bf1 h5 30. h3 h4 31. Nxh4 Bg5 32. Nf3 Bxc1 33. Rxc1 Rxb2
34. Ng5 Rb1 35. Qf4 Be8 36. Rxb1 Qxb1 37. Kg2 d4 38. Qxd4 Bc6+ 39. f3 Qa2+ 40.
Kg3 Qa8 41. Qf4 Qb7 42. Bd3 Qd7 43. Be4 Bb5 44. Qe3 Ne8 45. h4 Nc7 46. h5 Nd5
47. Bxd5 exd5 48. h6 d4 49. Qf4 Qe7 50. h7+ Kh8 51. Nxf7+ Kxh7 52. Nd6 Bc6 53.
Qxd4 Qf8 54. Qf4 Qxf4+ 55. Kxf4 Kg7 56. Ne4 Kf7 57. Ke3 1-0

[Event "42.OStM"]
[Site "Bergisch Gladbach"]
[Date "2022.09.22"]
[Round "4.6"]
[White "Aljalam, Yamen"]
[Black "Müller, Rene"]
[Result "0-1"]
[WhiteElo "1561"]
[BlackElo "1919"]
[PlyCount "110"]
[EventDate "2022.??.??"]
[EventType "swiss"]
[EventRounds "7"]
[SourceVersionDate "2022.09.06"]

1. e4 d6 2. Nf3 Nf6 3. Nc3 g6 4. g3 Bg7 5. Bg2 c5 6. O-O O-O 7. d4 cxd4 8. Nxd4
Nc6 9. Bg5 Qa5 10. Bxf6 Bxf6 11. Nb3 Qd8 12. Qd2 Re8 13. Rab1 Ne5 14. Nd5 Bg7
15. c3 Bh3 16. f4 Bxg2 17. Kxg2 Nc4 18. Qe2 b5 19. Nd2 e6 20. Ne3 Nxe3+ 21.
Qxe3 b4 22. c4 Qa5 23. Qb3 Qc5 24. Qd3 f5 25. Nb3 Qc6 26. Nd4 Bxd4 27. Qxd4
Qxe4+ 28. Qxe4 fxe4 29. Rbd1 Red8 30. Rd4 d5 31. cxd5 exd5 32. Rfd1 Rac8 33.
R1d2 a5 34. Kf2 Kf7 35. Ke3 Ke6 36. g4 Rd6 37. Rf2 Rc1 38. Rdd2 b3 39. axb3 Rb6
40. Rc2 Rxb3+ 41. Kd4 Rb4+ 42. Ke3 Rb3+ 43. Kd4 Rd3+ 44. Kc5 Rxc2+ 45. Rxc2 e3
46. Kb5 Rd2 47. Rc6+ Kd7 48. Rc3 d4 49. Rc5 Rxb2+ 50. Kxa5 Kd6 51. Re5 e2 52.
Re4 Kc5 53. Ka4 d3 54. Ka3 Rb1 55. Re5+ Kd4 0-1

[Event "42.OStM"]
[Site "Bergisch Gladbach"]
[Date "2022.09.22"]
[Round "4.8"]
[White "Witte, Volker"]
[Black "Lobbes, Frank"]
[Result "0-1"]
[WhiteElo "1650"]
[BlackElo "1753"]
[PlyCount "66"]
[EventDate "2022.??.??"]
[EventType "swiss"]
[EventRounds "7"]
[SourceVersionDate "2022.09.06"]

1. d4 Nf6 2. c4 e6 3. Nc3 c5 4. d5 exd5 5. cxd5 d6 6. e4 g6 7. Bd3 Bg7 8. Nge2
O-O 9. O-O a6 10. Rb1 b5 11. b3 Re8 12. f3 Nbd7 13. Ng3 Ng4 14. Nce2 Nge5 15.
Qc2 Nxd3 16. Qxd3 Ne5 17. Qc2 Bd7 18. Bf4 b4 19. Bxe5 Bxe5 20. Rf2 Bb5 21. f4
Bg7 22. f5 a5 23. Kh1 a4 24. Rbf1 axb3 25. axb3 Ra1 26. Rxa1 Bxa1 27. fxg6 hxg6
28. Qd2 Qh4 29. Rf3 Be5 30. Nf1 Qxe4 31. Nfg3 Bxg3 32. Nxg3 Qe1+ 33. Nf1 Qxd2
0-1

[Event "42.OStM"]
[Site "Bergisch Gladbach"]
[Date "2022.09.22"]
[Round "4.9"]
[White "Nichte, Philipp"]
[Black "Rohleder, Traugott"]
[Result "1/2-1/2"]
[WhiteElo "1744"]
[BlackElo "1630"]
[PlyCount "29"]
[EventDate "2022.??.??"]
[EventType "swiss"]
[EventRounds "7"]
[SourceVersionDate "2022.09.06"]

1. e4 d6 2. d4 Nf6 3. Nc3 g6 4. Bf4 Bg7 5. Qd2 O-O 6. O-O-O Nbd7 7. f3 c5 8.
dxc5 Nxc5 9. Bh6 Qb6 10. Bxg7 Kxg7 11. Nge2 Bd7 12. Nf4 Bc6 13. Nfd5 Bxd5 14.
Nxd5 Nxd5 15. Qxd5 1/2-1/2

[Event "42.OStM"]
[Site "Bergisch Gladbach"]
[Date "2022.09.22"]
[Round "4.10"]
[White "Hertling, Jürgen"]
[Black "Ehmann, Florian"]
[Result "1-0"]
[WhiteElo "1680"]
[BlackElo "1190"]
[PlyCount "57"]
[EventDate "2022.??.??"]
[EventType "swiss"]
[EventRounds "7"]
[SourceVersionDate "2022.09.06"]

1. d4 e5 2. dxe5 Nc6 3. Nf3 Qe7 4. e4 Nxe5 5. Nc3 Nxf3+ 6. Qxf3 d6 7. Bc4 Qf6
8. Bf4 Be6 9. Bxe6 fxe6 10. O-O-O O-O-O 11. Qe3 g6 12. Bg5 Qxg5 13. Qxg5 Bh6
14. h4 Bxg5+ 15. hxg5 Rd7 16. Rd3 Ne7 17. f4 e5 18. g3 exf4 19. gxf4 Rf8 20.
Rf3 Nc6 21. Nd5 Nd4 22. Rf2 c6 23. Nf6 Ne6 24. Nxd7 Kxd7 25. Rxh7+ Kc8 26. Rhh2
Nxf4 27. Kd2 Ne6 28. Rxf8+ Nxf8 29. Rh8 1-0